Ochrana spotrebiteľa poľnohospodárskych a potravinárskych produktov

Základné princípy systému ochrany spotrebiteľa. Etický konzumerizmus a politika EÚ na jeho podporu. Spotrebitelia, spotrebiteľská politika podniku. Základné práva spotrebiteľa EÚ. Legislatíva EÚ v oblasti ochrany spotrebiteľa poľnohospodárskych a potravinárskych produktov. Kontrola a regulácia ochra...

ver descrição completa

Na minha lista:
Detalhes bibliográficos
Autor principal: Dubcová, Gabriela, 1968-
Outros Autores: Foltínová, Alžbeta
Formato: Capítulo de Livro
Idioma:eslovaco
Assuntos:
Tags: Adicionar Tag
Sem tags, seja o primeiro a adicionar uma tag!

MARC

LEADER 00000naa$a2200000$$$4500
001 0185903
005 20240522124510.1
041 0 |a slo 
044 |a SK 
245 1 0 |a Ochrana spotrebiteľa poľnohospodárskych a potravinárskych produktov  |c Gabriela Dubcová, Alžbeta Foltínová 
520 |a Základné princípy systému ochrany spotrebiteľa. Etický konzumerizmus a politika EÚ na jeho podporu. Spotrebitelia, spotrebiteľská politika podniku. Základné práva spotrebiteľa EÚ. Legislatíva EÚ v oblasti ochrany spotrebiteľa poľnohospodárskych a potravinárskych produktov. Kontrola a regulácia ochrany spotrebiteľa. Mimovládne organizácie zamerané na ochranu spotrebiteľa produktov agropotravinárskeho komplexu. 
610 2 0 |a agropotravinárstvo 
610 2 0 |a spotrebitelia 
610 2 0 |a ochrana spotrebiteľa 
610 2 0 |a kontrola 
610 2 0 |a Európska únia 
610 2 0 |a etika 
610 2 0 |a legislatíva 
610 2 0 |a organizácie nevládne 
100 1 |a Dubcová, Gabriela, 1968- 
700 1 |a Foltínová, Alžbeta